000 00511nam a22001697a 4500
005 20251108165302.0
008 250721s1998 xx 000 0 ara d
082 1 4 _a631.54/راو
100 1 _aالراوي، عادل خضر
245 1 0 _aتقليم أشجار الفاكهة /
264 1 _aعمان :
_bمكتبة دار الخليج للطباعة و التوزيع،
_c1998.
300 _a96ص
650 1 7 _aالتقليم
650 1 7 _aتشذيب الأغصان
942 _2ddc
_cBK
999 _c24143
_d24143